000 00560nam a2200193Ia 4500
003 GCL
008 140319s9999 xx 000 0 ara d
040 _aGCL /
_cGCL
082 0 4 _a001.5
_bع ا
100 1 _aعاطف عدلى العبد
245 1 0 _aالاتصال والراى العام /
_cعاطف عدلى العبد
260 _a[S.N] :
_bدار الفكر العربى ،
_c1993
300 _a326 ص
490 _a
650 0 4 _aالاتصالات
650 0 4 _aوسائل الاعلام
650 0 4 _aالرأى العام
942 _2ddc
_cBK
999 _c33157
_d33157